000 00730nam a2200241Ia 4500
003 OSt
005 20220918173044.0
006 a|||||r|||| 00| 0
007 ta
008 220917b |||||||| |||| 00| 0 eng d
024 _a4,771
037 _cTextual
040 _aARTS
_cARTS
_beng
041 _2eng
_aeng
082 _a2:55N67:g, N1 (2D)
100 _aDasgupts A
_944655
245 0 _aWhat is new in AACR-2 (1978 and 1988)
_b with special reference to choice of access points & description
260 _aCAlcutta
_bRatna Prakashan
_c1991
300 _aii, 126p. Bibliography
_ccm.
650 _aLIBRARY SCIENCE
942 _h2:55N67:g, N1 (2D)
_cTEXL
_2CC
999 _c146957
_d146957